| 000 | 00572nam a2200229Ia 4500 | ||
|---|---|---|---|
| 003 | 0100 | ||
| 008 | 130303s9999 xx 000 0 und d | ||
| 020 | _a0670504807 | ||
| 040 | _cARRUPELIB | ||
| 050 | _aBF311.O73 1973 | ||
| 245 | 4 | _aThe nature of human consciousness | |
| 245 | _ba book of readings | ||
| 260 | _aSan Francisco | ||
| 260 | _bW. H. Freeman and Co. | ||
| 260 | _C1973 | ||
| 300 | _axiii | ||
| 300 | _b 514p. 28cm. | ||
| 440 | _aA series of books in psychology | ||
| 650 | _aPSYCHOLOGY | ||
| 700 | _aOrnstein , Robert E. (ed.) | ||
| 942 | 0 | 0 | _01 |
| 999 |
_c12462 _d12462 |
||